| 000 | 00656nam a22002177a 4500 | ||
|---|---|---|---|
| 999 |
_c12375 _d12375 |
||
| 003 | AR-CdUCM | ||
| 008 | 190403b ||||| |||| 00| 0 spa d | ||
| 040 |
_aMUNICIPALIDAD PROVINCIAL DEL CUSCO _cBIBLIOTECA MUNICIPAL DEL CUSCO |
||
| 082 |
_a343.985 / _bG22 / 1860. |
||
| 100 |
_aGarcia Calderón, Francisco _928682 |
||
| 245 | _aDiccionario de la legislación peruana / | ||
| 260 |
_aLima : _bImprenta del estado, _c1860. |
||
| 300 |
_a886 páginas ; _c30. cm. |
||
| 500 | _aDedicatoria | ||
| 505 | _aContenido : t.1. A - D. | ||
| 650 |
_aDiccionario _95196 |
||
| 650 |
_aPerú _935 |
||
| 650 |
_aLeyes _94808 |
||
| 942 |
_2ddc _cLIBROS |
||
| 945 | _awnts | ||